| 000 | 00757nam a2200217Ia 4500 | ||
|---|---|---|---|
| 008 | 191130s2006##################000#0#eng## | ||
| 020 | _a9780486449784 | ||
| 022 | _a2005053778 | ||
| 040 |
_aACL _cACL |
||
| 082 | _a536.7 NAS | ||
| 100 | _aNash, Leonard Kollender | ||
| 245 |
_aElements of statistical thermodynamics _cLeonard K. Nash |
||
| 250 | _a2nd ed | ||
| 260 |
_aMineola, NY _bDover Publications _c2006 |
||
| 300 | _a138 p. : ill. ; 22 cm | ||
| 500 | _aOriginally published: 2nd ed. Reading, Mass. : Addison-Wesley Pub. Co., 1974, in series: Addison-Wesley series in the principles of chemistry. Includes index | ||
| 650 | _aStatistical thermodynamics | ||
| 990 | _a1ffaf8e3ac10000c1d25241c9b7d9222 | ||
| 991 | _a275076 | ||
| 999 |
_c158990 _d158990 |
||